| LEADER | 00895nam a2200169 4500 | ||
|---|---|---|---|
| 082 | |a 516.0071 |b H 312 h | ||
| 100 | |a . | ||
| 245 | |a Hình học 10 nâng cao: |b Sách giáo viên/ |c Đoàn Quỳnh tổng chủ biê, Phạm Vũ Khuê, Bùi Văn Nghị.- | ||
| 260 | |a H.: |b Giáo dục, |c 2006.- | ||
| 300 | |a 150tr.; |c 24cm | ||
| 520 | |a . | ||
| 653 | |a Hình học | ||
| 942 | |2 ddc |c STK0 | ||
| 999 | |c 12093 |d 12093 | ||
| 952 | |0 0 |1 0 |2 ddc |4 0 |6 516_007100000000000_H_312_H |7 0 |8 500 |9 102858 |a qbu |b qbu |c D3 |d 2015-12-14 |g 6000 |o 516.0071 H 312 h |p 11488.c1 |r 0000-00-00 |w 2015-12-14 |y STK0 | ||
| 952 | |0 0 |1 0 |2 ddc |4 0 |6 516_007100000000000_H_312_H |7 0 |8 500 |9 102859 |a qbu |b qbu |c D3 |d 2015-12-14 |g 6000 |o 516.0071 H 312 h |p 11488.c2 |r 0000-00-00 |w 2015-12-14 |y STK0 | ||
| 952 | |0 0 |1 0 |2 ddc |4 0 |6 516_007100000000000_H_312_H |7 0 |8 500 |9 106732 |a qbu |b qbu |c D3 |d 2016-04-11 |g 6000 |l 1 |m 1 |o 516.0071 H 312 h |p 11488.c3 |r 2020-09-23 |s 2020-09-17 |w 2016-04-11 |y STK0 | ||